000 02086cam a22005054i 4500
003 PE-LiUPU
005 20250731173358.0
008 150706s2006 txu rb 000 0 eng d
020 _a9781932792409
035 _a(Sirsi) i9781932792409
040 _aPE-LiUPU
_bspa
_cPE-LiUPU
_erda
049 _aPRUA
082 0 4 _a227.06
_bK59
_221
100 1 _aKlauck, Hans-Josef,
_eautor.
245 1 0 _aAncient letters and the New Testament :
_ba guide to context and exegesis /
_cHans-Josef Klauck.
264 1 _aWaco, Texas :
_bBaylor University Press,
_c2006.
300 _a504 páginas ;
_c23 centímetros
336 _atext
_2rdacontent
337 _aunmediated
_2rdamedia
338 _avolume
_2rdacarrier
504 _aIncluye bibliografía.
505 0 _aFoundations-Two letters of Apion and Two letters of the "Elder" -- Practical realities-paper and postal system -- Nonliterary and diplomatic correspondence -- Poetry and Philosophy-Literary letters -- Epistolary theory and Rhetoric -- Letters in Early Judaism -- New Testament letters I: Overview -- New Testamento Letters II: selected texts.
526 _aSEG42
526 _aSEG41
526 _aSEG40
526 _aSEG39
526 _aP94
526 _aP87
526 _aP86
526 _aP85
526 _aP77
526 _aP76
526 _aP35
630 0 4 _aBiblia.
_pN.T.
_pEpístolas
_xLengua, estilo.
630 0 4 _aBiblia.
_pN.T.
_pEpístolas
_xInvestigación.
650 1 4 _aCartas (Género literario)
_xHistoria y crítica.
700 1 _aBailey, Daniel P.,
_ecolab.
910 _agl
_bjv
_clch
_d20110207
942 _2ddc
_cBOOK
949 _a227.06 K59
_wDEWEY
_c1
_i62417
_lCCODEBUL1
_mBUL
_p28.00
_r0
_sY
_tBOOK
_u2015-7-6
_xTEOLOGIA
_PP35
_0COMPRA
_o.STAFF. Colección Teología
994 _aC0
_bPEPRU
596 _a1
999 _a227.06 K59
_wDEWEY
_c51447
_i62417
_f2021-11-9
_g5
_lCCODEBUL1
_mBUL
_p28.00
_r0
_sY
_tBOOK
_u2015-7-6
_xTEOLOGIA
_PP35
_0COMPRA
_o.STAFF. Colección Teología
_d51447
980 _81
_gALBERTO SANCHEZ Responsable de Automatización